书目信息 |
| 题名: |
全新日本语教程
|
|
| 作者: | 刘文照 , 海老原博 编著 | |
| 分册: | 1 | |
| 出版信息: | 上海 华东理工大学出版社 2011.01 |
|
| 页数: | 310页 | |
| 开本: | 26cm | |
| 丛书名: | ||
| 单 册: | ||
| 中图分类: | H36 | |
| 科图分类: | ||
| 主题词: | 日语--ri yu--教材 | |
| 电子资源: | ||
| ISBN: | 978-7-5628-2954-6 | |
| 000 | 01073nam0 2200289 450 | |
| 001 | 012011819051 | |
| 005 | 20110427165419.42 | |
| 010 | @a978-7-5628-2954-6@dCNY38.00 (含光盘) | |
| 010 | @a978-7-88864-252-2@b光盘 | |
| 016 | @aCN-R32-10-0049-0@b光盘 | |
| 100 | @a20110427d2011 em y0chiy0120 ea | |
| 101 | 0 | @achi@ajpn |
| 102 | @aCN@b310000 | |
| 105 | @aa z 001yy | |
| 106 | @ar | |
| 200 | 1 | @a全新日本语教程@Aquan xin ri ben yu jiao cheng@h1@f刘文照, 海老原博编著@Fliu wen zhao,hai lao yuan bo bian zhu |
| 210 | @a上海@c华东理工大学出版社@d2011.01 | |
| 215 | @a310页@c图@d26cm@e光盘1片 | |
| 320 | @a有索引 | |
| 330 | @a本书分为三个单元,每五课为一个单元,共十五课。每课教学时间设为10学时(包括每课练习在内)。除了语音阶段,本册结构由基本句型、情景对话、新出单词、文法解说、学习辅导五个部分组成。 | |
| 517 | 1 | @a日本语教程@Ari ben yu jiao cheng |
| 606 | 0 | @a日语@Ari yu@j教材 |
| 690 | @aH36@v4 | |
| 701 | 0 | @a刘文照@Aliu wen zhao@4编著 |
| 701 | 0 | @a海老原博@Ahai lao yuan bo@4编著 |
| 801 | 0 | @aCN@bQSSK@c20110427 |
| 905 | @b793248-50@dH36@eL689:1@f3 | |
| 全新日本语教程.1/刘文照, 海老原博编著.-上海:华东理工大学出版社,2011.01 |
| 310页:图;26cm+光盘1片 |
| ISBN 978-7-5628-2954-6:CNY38.00 (含光盘) |
| 本书分为三个单元,每五课为一个单元,共十五课。每课教学时间设为10学时(包括每课练习在内)。除了语音阶段,本册结构由基本句型、情景对话、新出单词、文法解说、学习辅导五个部分组成。 |
| ● |
| 相关链接 |
|
|
|
正题名:全新日本语教程
索取号:H36/L689:1
 
预约/预借
| 序号 | 登录号 | 条形码 | 馆藏地/架位号 | 状态 | 备注 |
| 1 | 793248 | 207932488 | 语言库209/209语言库 124排1列3层/ [索取号:H36/L689:1] | 在馆 | |
| 2 | 793249 | 207932497 | 语言库209/209语言库 124排1列3层/ [索取号:H36/L689:1] |
已借出,限还日期为2021.10.31 借出人:王妍玲 |
|
| 3 | 793250 | 207932503 | 语言库209/209语言库 124排1列3层/ [索取号:H36/L689:1] | 在馆 |